Routledge handbook of primary physical education

Պահպանված է:
Մատենագիտական մանրամասներ
Ձևաչափ: Գիրք
Լեզու:անգլերեն
Հրապարակվել է: Routledge 2018
Ցուցիչներ: Ավելացրեք ցուցիչ
Չկան պիտակներ, Եղեք առաջինը, ով նշում է այս գրառումը!

MARC

LEADER 00000nam a22000007a 4500
008 240710b |||||||| |||| 00| 0 eng d
020 |a 9780367896904 
245 |a Routledge handbook of primary physical education   |c / edited by Gerald Griggs and Kirsten Petrie.  |g xiv, 346p 
260 |b Routledge  |c 2018  |h New York  |i 702151  |i 702152  |l GV443.R75  |m Physical education for children--Study and teaching (Primary)   |m Physical education for children--Curricula. 
500 |a Includes bibliographical references and index. 
942 |a lcc  |c BK  |e Johnson  |f 10/07/24 
952 |0 0  |1 0  |2 lcc  |4 0  |6 GV0443 R75  |7 0  |9 5388  |a RF  |b HOL  |c GJ  |d 2024-07-10  |l 0  |o GV443.R75  |p 2024-0629  |r 2024-07-10 00:00:00  |t 702151  |w 2024-07-10  |y BK 
952 |0 0  |1 0  |2 lcc  |4 0  |6 GV0443 R75  |7 0  |9 5389  |a RF  |b HOL  |c GJ  |d 2024-07-10  |l 0  |o GV443.R75  |p 2024-0630  |r 2024-07-10 00:00:00  |t 702152  |w 2024-07-10  |y BK 
999 |c 2665  |d 2665